Solo - Clean Bandit Feat. Demi Lovato - All Lyrics - Statistics

General Stats
  • This quiz has been taken 62 times
  • The average score is 355 of 457
Answer Stats
Answer % Correct
So
97%
I
95%
(I
95%
solo,
95%
solo
95%
solo)
95%
Oh,
87%
(Oh)
87%
Oh-oh,
87%
oh-oh,
87%
(Oh-oh,
87%
oh-oh)
87%
(Woah)
87%
(Woop,
87%
woop,
87%
woop)
87%
woop),
87%
yeah
87%
yeah-yeah,
87%
every
82%
Every
82%
I'm
82%
my
82%
you
82%
do
79%
e-e-everybody
79%
everybody
79%
everybody)
79%
f-
79%
hear
79%
It
79%
(It
79%
it
79%
no
79%
No
79%
the
79%
wanna
79%
But
77%
but
77%
me
77%
on
77%
on)
77%
to
77%
brokenhearted
74%
nobody
72%
one
72%
own
72%
own)
72%
Since
72%
since
72%
been
69%
can't
69%
(Can't
69%
Can't
69%
Cry-cry-cry,
69%
Cry-cry-cry
69%
gone
69%
got
69%
Here
69%
(Here
69%
party
69%
baby,
67%
boys
67%
dancin'
67%
in
67%
more
67%
more,
67%
we
67%
'Cause
64%
'Cause,
64%
I’ve
64%
like
64%
T-t-touch,
64%
your
64%
you've
64%
day
62%
for
62%
never
62%
only
62%
they
62%
turn
62%
up
62%
zone
62%
fool
59%
Not
59%
take
59%
with
59%
you’re
59%
you're
59%
comin'
56%
Now
56%
parted
56%
leave
54%
message
54%
time
54%
worst
54%
exes
51%
myself
51%
new
51%
of
51%
thing
51%
callin'
49%
from
49%
hurtin'
49%
know
49%
meant
49%
read
49%
someone
49%
Try
49%
wish
49%
Without
49%
if
46%
night,
46%
stop
46%
There’s
46%
even
44%
lose
44%
music
44%
really
44%
wasn't
44%
single
41%
No matching quizzes found
Score Distribution
Percent of People with Each Score
Percentile by Number Answered
Your Score History
You have not taken this quiz